| 000 | 00632nam a2200181Ia 4500 | ||
|---|---|---|---|
| 003 | IN-BaIIA | ||
| 008 | 211028s9999 xx 000 0 eng d | ||
| 040 | _cIIA Library | ||
| 080 |
_a331.225.6 _bGUP |
||
| 100 |
_aGupta, Jayasankar _910027 |
||
| 245 | 0 |
_aCommentary on the payment of gravity act 1972 _bwith rules notifications extracts of tax provisions relating to gratuity _cJayasankar Gupta |
|
| 260 |
_aCalcutta _bMansions Law Publishing House _c1973 |
||
| 300 | _a241p. | ||
| 650 |
_agratuity _910028 |
||
| 650 | _aNASA thesaurus | ||
| 650 |
_apayment of gratuity _910029 |
||
| 942 | _cBK | ||
| 999 |
_c5793 _d5793 |
||